logo

Bir Sreshtho Munshi Abdur Rouf Library
Jhenaidah Cadet College

Democracy in Bangladesh : (Record no. 1721)

MARC details
000 -LEADER
fixed length control field 01722nam a2200337 a 4500
001 - CONTROL NUMBER
JCCL Control Number 1721
003 - CONTROL NUMBER IDENTIFIER
JCCL marc code BD- JhCC
005 - DATE AND TIME OF LATEST TRANSACTION
control field 20211118134021.0
008 - FIXED-LENGTH DATA ELEMENTS--GENERAL INFORMATION
fixed length control field 171023s2011 bg b a 101 0 eng
020 ## - INTERNATIONAL STANDARD BOOK NUMBER
International Standard Book Number 9789845060226
035 ## - SYSTEM CONTROL NUMBER
system control number (BD-JhCC)1721
040 ## - CATALOGING SOURCE
Original cataloging agency DLC
Transcribing agency DLC
Modifying agency DLC
Description conventions rda
Modifying agency DLC
041 ## - LANGUAGE CODE
Language code of Book eng
050 00 - LIBRARY OF CONGRESS CALL NUMBER
Classification number JQ639.A15
Item number D465 2011
082 ## - DEWEY DECIMAL CLASSIFICATION NUMBER
Classification number 321.8
Author mark and Year DEM 2011
245 00 - TITLE STATEMENT
Title Democracy in Bangladesh :
Remainder of title political dimensions of national development : selected papers from the 2008 and 2009 conferences on Bangladesh at Harvard University /
Statement of responsibility, etc edited by Zillur R. Khan, Syed Saad Andaleeb.
300 ## - PHYSICAL DESCRIPTION
Pagination xxxiv, 242 pages ;
Dimensions 22 cm
500 ## - GENERAL NOTE
General note "Bangladesh Development Initiative."
504 ## - BIBLIOGRAPHY, ETC. NOTE
Bibliography, etc Includes bibliographical references and index.
520 ## - SUMMARY, ETC.
Summary, etc Contributed papers presented at the conferences organized by Bangladesh Development Initiative along with Democracy and Development in Bangladesh Forum and The Ash Institute for Democratic Governance & Innovation, held at John F. Kennedy School of Government at Harvard University.
650 #0 - SUBJECT ADDED ENTRY--TOPICAL TERM
Topical term or geographic name as entry element Democracy
Geographic subdivision Bangladesh
Form subdivision Congresses.
650 #0 - SUBJECT ADDED ENTRY--TOPICAL TERM
Topical term or geographic name as entry element Bangladesh
General subdivision Politics and government
Form subdivision Congresses.
700 1# - ADDED ENTRY--PERSONAL NAME
Personal name Khan, Zillur R.
Fuller form of name (Zillur Rahman),
Dates associated with a name 1938-
700 1# - ADDED ENTRY--PERSONAL NAME
Personal name Andaleeb, Syed Saad,
710 2# - ADDED ENTRY--CORPORATE NAME
Corporate name or jurisdiction name as entry element Bangladesh Development Initiative.
711 2# - ADDED ENTRY--MEETING NAME
Meeting name or jurisdiction name as entry element Bangladesh in the 21st Century (Conference)
Date of meeting (2008 :
Location of meeting Cambridge, Mass.)
711 2# - ADDED ENTRY--MEETING NAME
Meeting name or jurisdiction name as entry element Ideas and Innovations for the Development of Bangladesh : the Next Decade (Conference)
Date of meeting (2009 :
Location of meeting Cambridge, Mass.)
856 41 - ELECTRONIC LOCATION AND ACCESS
Materials specified Table of contents only
Uniform Resource Identifier http://www.loc.gov/catdir/toc/fy13pdf04/2011311926.html
942 ## - ADDED ENTRY ELEMENTS (KOHA)
Source of classification or shelving scheme Dewey Decimal Classification
Koha item type Books
Koha issues (borrowed), all copies 1
Holdings
Source of classification or shelving scheme Damaged status Not for loan Home library Current library Shelving location Date of accession Cost, normal purchase price Total Checkouts Full call number Barcode Checked out Date last seen Date checked out Copy number Koha item type
Dewey Decimal Classification     JCC Rouf Library JCC Rouf Library General Stacks 10/23/2017 650.00 1 321.8 DEM 2011 3014 12/07/2021 11/18/2021 11/18/2021 C-1 Books
Dewey Decimal Classification     JCC Rouf Library JCC Rouf Library General Stacks 10/25/2017   1 321.8 DEM 2011 2687   10/03/2024 10/01/2024 C-2 Books

JCC Library | Contacts | JCC Home

Last Update on 23 September 2017
Copyright @ 2017-2020 JCC Rouf Library
Rouf Library, Jhenidah Cadet College (JCC), Bangladesh